Germany EURO 2021 Squad - Statistics

General Stats
  • This quiz has been taken 66 times
  • The average score is 18 of 26
Answer Stats
Hint Answer % Correct
GK Manuel Neuer
98%
FW Leroy Sané
93%
DF Mats Hummels
89%
FW Serge Gnabry
89%
FW Thomas Müller
89%
MF Joshua Kimmich
85%
MF Kai Havertz
85%
FW Timo Werner
85%
DF Antonio Rüdiger
82%
MF Leon Goretzka
82%
MF Toni Kroos
82%
GK Kevin Trapp
80%
MF Ilkay Gündogan
78%
GK Bernd Leno
76%
DF Niklas Süle
73%
MF Jamal Musiala
56%
MF Emre Can
55%
DF Matthias Ginter
55%
DF Lukas Klostermann
53%
DF Robin Gosens
49%
FW Kevin Volland
44%
DF Christian Günter
42%
DF Marcel Halstenberg
42%
MF Florian Neuhaus
38%
DF Robin Koch
36%
MF Jonas Hofmann
29%
No matching quizzes found
Score Distribution
Percent of People with Each Score
Percentile by Number Answered
Your Score History
You have not taken this quiz